| 000 | 00747nam a2200241Ia 4500 | ||
|---|---|---|---|
| 008 | 160803s9999 xx 000 0 und d | ||
| 020 | _a978-0439204248 | ||
| 100 | _aCarmi, Rebecca | ||
| 245 | _aExpedition down under / | ||
| 245 | _cwritten by Rebecca Carmi ; illustrations by John Speirs. | ||
| 260 | _aNew York : | ||
| 260 | _bScholastic Inc. | ||
| 260 | _c2001 | ||
| 300 | _a87 pages : | ||
| 300 | _billustrations ; | ||
| 300 | _c20 cm. | ||
| 440 | _aThe Magic school bus : a science chapter book ; | ||
| 440 | _v#10 | ||
| 500 | _a"Based on The Magic School Bus books written by Joanna Cole and illustrated by Bruce Degen."--Title page verso. | ||
| 650 | _aAustralia -- | ||
| 650 | _xJuvenile fiction. | ||
| 700 | _a630 | ||
| 999 |
_c298468 _d298468 |
||